| 000 | 00343nam a22001337a 4500 | ||
|---|---|---|---|
| 008 | 230602b xxu||||| |||| 00| 0 eng d | ||
| 020 | _a9966469745 | ||
| 082 |
_a967.62 _bMBO |
||
| 100 |
_cTom Mboya _d1963 |
||
| 245 | _aFreedom and After | ||
| 260 |
_aNairobi _bEast Africa Educational Publishers Ltd _c1963 |
||
| 300 | _a266 pages | ||
| 942 |
_2ddc _cBK |
||
| 999 |
_c56 _d56 |
||